Responses for show #7799 - Thursday, July 5, 2018

Contestants

Steve Spriensma, a writer from Port Dover, Ontario, Canada

Marilyn Maher, an administrative specialist from Athens, Ohio

Suzanne Koppelman, a museum education manager from New York, New York (whose 3-day cash winnings total $63,601)

Jeopardy! Round responses

MAY THE HORSE BE WITH YOU
RECENT STUFF
MOVIE SEQUEL SUBTITLES
"L"AKES
BOOKS & AUTHORS
HIGH-SCORING SCRABBLE WORDS
    $200 16
polo

Steve
    $200 8
a fidget spinner

Steve
    $200 3
Babe

Steve
    $200 1
a lure (or Lake Lure)

Suzanne
    $200 11
Chelsea Clinton

Steve
    $200 21
a jukebox

Suzanne
    $400 20
Pegasus

Marilyn
    $400 9
the Seine

Steve
    $400 4
Friday the 13th

Steve
    $400 2
a loon

Marilyn
    $400 12
(Steve: What is Frankens--uh, yeah, what is Frankenstein?)

Mary Shelley

MarilynSteve
    $400 24
(Alex: Less than a minute now.)

qualify

Triple Stumper
    $600 22
an Arabian

Steve
    $600 10
the Olympic Athletes from Russia

Marilyn
    $600 5
Speed

Steve
    $600 19
Lava (Lake)

Suzanne
    $600 13
(Alex: Les Miserables.)

Victor Hugo

Suzanne
    $800 23
Caligula

Marilyn
    $800 17
dry cleaners

Triple Stumper
    $800 6
Breakin'

Triple Stumper
    $800 25
(Marilyn: What is Lausanne? Lausanne?)

Lucerne

SuzanneMarilyn
    $800 14
Ta-Nehisi Coates

Suzanne
    $1000 18
(Suzanne: Who's Kelly?)
(Steve: Who's Gorka?)

Michael Flynn

SuzanneSteve
Triple Stumper
    $1000 7
City Slickers

Marilyn
    $1000 26
Loch Lomond

Suzanne
    $1,000 15
(Suzanne: Who is Jean Valjean?)
(Alex: No. I think the Russian--)
(Suzanne: It was Crime and Punishment.)
(Alex: [*]. We're going for the author.)

Fyodor Dostoevsky

Suzanne
    $1000 27
[The end-of-round signal sounds.]

Jezebel

Steve

Scores at the first commercial break (after clue 15):

Suzanne Marilyn Steve
$600 $2,400 $1,600

Scores at the end of the Jeopardy! Round:

Suzanne Marilyn Steve
$2,200 $2,800 $2,400

Double Jeopardy! Round responses

RICK & MORTY
SHOW ME WHAT YOU GOT
KEEP SUMMER SAFE
MY "MAN"!
YOU PASS BUTTER
& THAT'S THE WAY THE NEWS GOES
    $400 3
Rick James

Steve
    $400 5
a VHS system

Steve
    $400 13
heatstroke

Suzanne
    $400 1
a mannequin

Suzanne
    $400 19
(Steve: What is butterscotch?)

butter pecan

SuzanneSteve
    $400 30
gold

Marilyn
    $800 4
salt

Marilyn
    $800 7
curling

Steve
    $800 14
a pool

Marilyn
    $800 2
manacles

Steve
    $800 20
a pat

Suzanne
    $800 23
Al Jazeera

Steve
    $1200 12
Ranger Rick

Marilyn
    $1200 8
a sitar

Steve
    $1200 15
a riptide

Steve
    $1200 6
manifest

Marilyn
    $1200 21
a butter cow

Marilyn
    $1200 22
Newport News

Suzanne
    $1600 24
Rumpole

Suzanne
    $1600 9
(Suzanne: What are banana peppers?)

pepperoncini

SuzanneMarilyn
    $1600 17
SPF (or sun protection factor)

Suzanne
    $1600 10
a mandate

Suzanne
    $1600 26
chicken Kiev

Suzanne
    $1,000 29
(Suzanne: I have no idea.)

Edward Teller

Suzanne
    $2000 25
Rick Warren

Triple Stumper
    $2000 16
(Marilyn: What's dolmain?)

batwing

Marilyn
Triple Stumper
    $2000 18
lighter fluid

Steve
    $2000 11
a manifold

Triple Stumper
    $2,000 27
(Suzanne: I don't know.)

ghee

Suzanne
    $2000 28
Pheidippides

Triple Stumper

Scores at the end of the Double Jeopardy! Round:

Suzanne Marilyn Steve
$7,200 $8,000 $9,600

[wagering suggestions for these scores]

Final Jeopardy! Round responses

AMERICAN AUTHORS
(Alex: Mark Twain referred to her as the little lady who started the Civil War.)
...
(Alex: [To Marilyn] Uncle Tom's Cabin was the book.)
SuzanneWho is Ja
$0
MarilynWho is Harriet Beecher Stowe
$6,401
SteveWho is Agatha Christie?
$6,401
Harriet Beecher Stowe

Final scores:

Suzanne Marilyn Steve
$7,200 $14,401 $3,199
2nd place: $2,000 New champion: $14,401 3rd place: $1,000

Game dynamics:

Coryat scores:

Suzanne Marilyn Steve
$11,200 $8,000 $9,600
16 R,
5 W
(including 3 DDs)
13 R,
2 W
17 R,
3 W

Combined Coryat: $28,800

The J! Archive is created by fans, for fans. The Jeopardy! game show and all elements thereof, including but not limited to copyright and trademark thereto, are the property of Jeopardy Productions, Inc. and are protected under law. This website is not affiliated with, sponsored by, or operated by Jeopardy Productions, Inc. Join the discussion at JBoard.tv.